00457 a2200157 4500010001400000020002300014035001300037037001600050082001600066100001700082245006600099260004400165270004600209300002400255500002000279 aENG-88560 a8182471214c495.00 aEN-72093 bDBAD / PUB14a320.95409051 aSingal, R.L.1 aChanging panorama of life since independence/cby R.L. Singal aChandigarhbAbhishek Publicationsc2006 aS.C.O.57-59 Sector 17-C,bChandigarhe-17 a236p. :c22cm (Hb) aIncludes index